| 000 | 00374pab a2200145 454500 | ||
|---|---|---|---|
| 008 | 180718b2001 xxu||||| |||| 00| 0 eng d | ||
| 100 | _aWariavwalla, Bharat | ||
| 245 | _aNationalism in search of a navel (review article) | ||
| 260 | _c2001 | ||
| 300 | _ap.187-95 | ||
| 362 | _aJan-Jun | ||
| 650 | _aNationalism | ||
| 773 | _aIndian Social Science Review | ||
| 909 | _a50556 | ||
| 999 |
_c50556 _d50556 |
||